Taylor Swift - The Smallest Man Who Ever Lived (Lyrics) - Statistics

General Stats
  • This quiz has been taken 16 times
  • The average score is 267 of 311
Answer Stats
Answer % Correct
a
100%
A
100%
all
100%
an
100%
And
100%
and
100%
be
100%
ever
100%
I
100%
In
100%
in
100%
it
100%
lived?
100%
lived
100%
man
100%
me
100%
on
100%
smallest
100%
the
100%
The
100%
this
100%
we
100%
Who
100%
who
100%
are
92%
bed?
92%
book?
92%
by
92%
'Cause
92%
confess
92%
dead?
92%
declassified?
92%
Did
92%
did
92%
Was
92%
fifty
92%
for
92%
"Good
92%
gun
92%
I'll
92%
just
92%
my
92%
never
92%
our
92%
riddance"
92%
say,
92%
sent
92%
sleep
92%
some
92%
someone
92%
spy?
92%
to
92%
underneath
92%
want
92%
wanted
92%
was
92%
Were
92%
were
92%
why
92%
will
92%
with
92%
writing
92%
years,
92%
You
92%
you
92%
you,
92%
you'll
92%
You'll
92%
bars
83%
boring
83%
but
83%
But
83%
deserve
83%
died
83%
forbidden
83%
forget
83%
forgive
83%
get
83%
girls
83%
gone
83%
hid
83%
inboxes
83%
inside
83%
Instead,
83%
into
83%
kicked
83%
know
83%
message
83%
morning
83%
normal
83%
once
83%
out
83%
performing
83%
plain
83%
prison,
83%
sexy
83%
sight
83%
sins
83%
sleeper
83%
slide
83%
slip
83%
stage
83%
still
83%
through
83%
time
83%
wasn't
83%
what
83%
won't
83%
would've
83%
your
83%
you're
83%
any
75%
at
75%
car
75%
cell
75%
come
75%
crashed
75%
didn't
75%
fuck
75%
guy?
75%
had,
75%
had
75%
her
75%
hung
75%
If
75%
lights
75%
Now
75%
of
75%
party
75%
pins
75%
push
75%
queen
75%
rental
75%
said
75%
that
75%
true?
75%
wall
75%
Witness
75%
back,
67%
buy
67%
could
67%
don't
67%
even
67%
feels
67%
friend
67%
friends
67%
From
67%
Gazing
67%
ghosted
67%
give
67%
Jehovah's
67%
like
67%
measure
67%
mine
67%
miss
67%
off
67%
pills
67%
public,
67%
showed
67%
sparkling
67%
Stabbed
67%
starry-eyed
67%
suit
67%
summer
67%
Then
67%
treat
67%
tried
67%
up
67%
also-ran
58%
goal
58%
oblivion
58%
rusting
58%
sank
58%
stoned
58%
They
58%
No matching quizzes found
Score Distribution
Percent of People with Each Score
Percentile by Number Answered
Your Score History
You have not taken this quiz